00859nam a2200217Ia 4500001002200000003000900022008004100031040002300072041001300095100002100108240004200129245014100171250001700312260003500329300003200364490004400396500003300440501012400473520002600597700001800623189-GRA ma st (17870)IT-MiSPE171229s9999||||xx |||||||||||||| ||und|| aIT-MiSPEcIT-MiSPE aITALIANO aMartin Grabmann  aGeschichte der Scholastischen Methode 0aStoria del metodo scolasticobI. Il metodo scolastico dai suoi primi inizi nella letteratura patristica fino al principio del secolo XII arist. anast. aFirenzebLa Nuova Italiac1980 aXXIII; 407 p. [2 v.]c20 cm a Strumenti: Ristampe anastatichev 59/1 aFilosofia medievale - Storia aEdizioni San Paolo srl - Piazza Soncino, 5 - 20092 CINISELLO BALSAMO (MI) (non commercial uses only) ® Copyright 2018 aMario Dal Pra (pres.) aMario Dal Pra